<?xml version="1.0" encoding="UTF-8"?>
<collection xmlns="http://www.loc.gov/MARC21/slim">
    <record>
        <controlfield tag="001">78316</controlfield>
        <controlfield tag="005">20200113145620.0</controlfield>
        <datafield tag="024" ind1="7" ind2=" ">
            <subfield code="2">doi</subfield>
            <subfield code="a">10.1016/j.jinorgbio.2018.02.018</subfield>
        </datafield>
        <datafield tag="024" ind1="8" ind2=" ">
            <subfield code="2">sideral</subfield>
            <subfield code="a">105291</subfield>
        </datafield>
        <datafield tag="037" ind1=" " ind2=" ">
            <subfield code="a">ART-2018-105291</subfield>
        </datafield>
        <datafield tag="041" ind1=" " ind2=" ">
            <subfield code="a">eng</subfield>
        </datafield>
        <datafield tag="100" ind1=" " ind2=" ">
            <subfield code="a">de la Cueva-Alique, I.</subfield>
        </datafield>
        <datafield tag="245" ind1=" " ind2=" ">
            <subfield code="a">Biological evaluation of water soluble arene Ru(II) enantiomers with amino-oxime ligands</subfield>
        </datafield>
        <datafield tag="260" ind1=" " ind2=" ">
            <subfield code="c">2018</subfield>
        </datafield>
        <datafield tag="506" ind1="0" ind2=" ">
            <subfield code="a">Access copy available to the general public</subfield>
            <subfield code="f">Unrestricted</subfield>
        </datafield>
        <datafield tag="520" ind1="3" ind2=" ">
            <subfield code="a">New water soluble, enantiopure arene ruthenium compound SRuSN-(1R, 4S)-[(¿6-p-cymene)Ru{¿NH(Bn), ¿NOH}Cl]Cl (Bn = benzyl, 1a') has been synthesized. The novel compound along with that previously described RRuRN-(1S, 4R)-[(¿6-p-cymene)Ru{¿NH(Bn), ¿NOH}Cl]Cl (1a) was evaluated by polarimetry, ultra-violet and circular dichroism spectroscopy. The structure of novel ruthenium derivative 1a' was determined by single crystal X-ray crystallography. Both enantiomers have been tested against several cancer cell lines in vitro: prostate PC-3, lung A-549, pancreas MIA PaCa-2, colorectal HCT-116, leukemia Jurkat and cervical HeLa. Both enantiomers are active and versatile cytotoxic agents, showing IC50 values from 2 to 12 times lower than those found for cisplatin in the different cell lines evaluated. The mechanism of cell death induced by the metal compounds was analyzed in A-549 and Jurkat cell lines. Derivatives 1a and 1a' induced apoptotic cell death of A-549 cells while dose-dependent cell death mechanisms have been found in the Jurkat cell line. Compound-DNA interactions have been investigated by equilibrium dialysis, Fluorescence Resonance Energy Transfer (FRET) melting assays and viscometric titrations, revealing moderate binding affinity of 1a and 1a' towards duplex DNA. Finally, the efficacy of 1a in a preliminary in vivo assay of PC-3 xenografts in nude mice has been evaluated, resulting in a promising inhibition of tumor growth by 45%. Analysis of tumor tissue also showed a significant decrease of levels of crucial molecules in the invasive phenotype of PC-3 cells.</subfield>
        </datafield>
        <datafield tag="536" ind1=" " ind2=" ">
            <subfield code="9">info:eu-repo/grantAgreement/ES/MICINN/CTQ2014-58270-R</subfield>
        </datafield>
        <datafield tag="540" ind1=" " ind2=" ">
            <subfield code="9">info:eu-repo/semantics/openAccess</subfield>
            <subfield code="a">by-nc-nd</subfield>
            <subfield code="u">http://creativecommons.org/licenses/by-nc-nd/3.0/es/</subfield>
        </datafield>
        <datafield tag="590" ind1=" " ind2=" ">
            <subfield code="a">3.224</subfield>
            <subfield code="b">2018</subfield>
        </datafield>
        <datafield tag="591" ind1=" " ind2=" ">
            <subfield code="a">CHEMISTRY, INORGANIC &amp; NUCLEAR</subfield>
            <subfield code="b">11 / 45 = 0.244</subfield>
            <subfield code="c">2018</subfield>
            <subfield code="d">Q1</subfield>
            <subfield code="e">T1</subfield>
        </datafield>
        <datafield tag="591" ind1=" " ind2=" ">
            <subfield code="a">BIOCHEMISTRY &amp; MOLECULAR BIOLOGY</subfield>
            <subfield code="b">127 / 294 = 0.432</subfield>
            <subfield code="c">2018</subfield>
            <subfield code="d">Q2</subfield>
            <subfield code="e">T2</subfield>
        </datafield>
        <datafield tag="592" ind1=" " ind2=" ">
            <subfield code="a">0.655</subfield>
            <subfield code="b">2018</subfield>
        </datafield>
        <datafield tag="593" ind1=" " ind2=" ">
            <subfield code="a">Inorganic Chemistry</subfield>
            <subfield code="c">2018</subfield>
            <subfield code="d">Q2</subfield>
        </datafield>
        <datafield tag="593" ind1=" " ind2=" ">
            <subfield code="a">Biochemistry</subfield>
            <subfield code="c">2018</subfield>
            <subfield code="d">Q2</subfield>
        </datafield>
        <datafield tag="655" ind1=" " ind2="4">
            <subfield code="a">info:eu-repo/semantics/article</subfield>
            <subfield code="v">info:eu-repo/semantics/acceptedVersion</subfield>
        </datafield>
        <datafield tag="700" ind1=" " ind2=" ">
            <subfield code="a">Sierra, S.</subfield>
        </datafield>
        <datafield tag="700" ind1=" " ind2=" ">
            <subfield code="a">Muñoz-Moreno, L.</subfield>
        </datafield>
        <datafield tag="700" ind1=" " ind2=" ">
            <subfield code="a">Pérez-Redondo, A.</subfield>
        </datafield>
        <datafield tag="700" ind1=" " ind2=" ">
            <subfield code="a">Bajo, A.M.</subfield>
        </datafield>
        <datafield tag="700" ind1=" " ind2=" ">
            <subfield code="0">(orcid)0000-0002-2315-9079</subfield>
            <subfield code="a">Marzo, I.</subfield>
            <subfield code="u">Universidad de Zaragoza</subfield>
        </datafield>
        <datafield tag="700" ind1=" " ind2=" ">
            <subfield code="a">Gude, L.</subfield>
        </datafield>
        <datafield tag="700" ind1=" " ind2=" ">
            <subfield code="a">Cuenca, T.</subfield>
        </datafield>
        <datafield tag="700" ind1=" " ind2=" ">
            <subfield code="a">Royo, E.</subfield>
        </datafield>
        <datafield tag="710" ind1="2" ind2=" ">
            <subfield code="1">1002</subfield>
            <subfield code="2">050</subfield>
            <subfield code="a">Universidad de Zaragoza</subfield>
            <subfield code="b">Dpto. Bioq.Biolog.Mol. Celular</subfield>
            <subfield code="c">Área Biología Celular</subfield>
        </datafield>
        <datafield tag="773" ind1=" " ind2=" ">
            <subfield code="g">183 (2018), 32-42</subfield>
            <subfield code="p">J. inorg. biochem.</subfield>
            <subfield code="t">JOURNAL OF INORGANIC BIOCHEMISTRY</subfield>
            <subfield code="x">0162-0134</subfield>
        </datafield>
        <datafield tag="856" ind1="4" ind2=" ">
            <subfield code="s">1178293</subfield>
            <subfield code="u">http://zaguan.unizar.es/record/78316/files/texto_completo.pdf</subfield>
            <subfield code="y">Postprint</subfield>
        </datafield>
        <datafield tag="856" ind1="4" ind2=" ">
            <subfield code="s">54085</subfield>
            <subfield code="u">http://zaguan.unizar.es/record/78316/files/texto_completo.jpg?subformat=icon</subfield>
            <subfield code="x">icon</subfield>
            <subfield code="y">Postprint</subfield>
        </datafield>
        <datafield tag="909" ind1="C" ind2="O">
            <subfield code="o">oai:zaguan.unizar.es:78316</subfield>
            <subfield code="p">articulos</subfield>
            <subfield code="p">driver</subfield>
        </datafield>
        <datafield tag="951" ind1=" " ind2=" ">
            <subfield code="a">2020-01-13-14:55:27</subfield>
        </datafield>
        <datafield tag="980" ind1=" " ind2=" ">
            <subfield code="a">ARTICLE</subfield>
        </datafield>
    </record>

    
</collection>